| 000 | 00600nam a2200217Ia 4500 | ||
|---|---|---|---|
| 001 | 12498 | ||
| 003 | GE_BSU | ||
| 008 | 181216s||||||||xx |||||||||||||| ||und|| | ||
| 040 | _cGE_BSU | ||
| 080 | _a634.1(03) | ||
| 100 | _aЕгоров,В. Назарян,Е. | ||
| 245 | _aСправочник по садоводству | ||
| 245 | _cРед.А.Веселкина | ||
| 250 | _a3 перераб. | ||
| 260 | _aМосква | ||
| 260 | _bПрофиздат | ||
| 260 | _c1953 | ||
| 300 | _a183стр.20см.илл. | ||
| 653 | _aСправочник по садоводству | ||
| 942 | _cBK | ||
| 999 |
_c45672 _d45672 |
||